Discurso leído en el acto solemne de recibir la investidura de doctor en la Facultad de Derecho Civil y Canónico / (Record no. 165863)

MARC details
000 -LEADER
campo de control de longitud fija 00879nam a22001935i 4500
001 - NÚMERO DE CONTROL
campo de control 165863
003 - IDENTIFICADOR DE NÚMERO DE CONTROL
campo de control ES-MaACL
005 - FECHA Y HORA DE LA ÚLTIMA TRANSACCIÓN
campo de control 20250809030005.0
008 - DATOS DE LONGITUD FIJA--INFORMACIÓN GENERAL
campo de control de longitud fija 050912s1877 sp | |||||||| ||spa d
100 1# - ENTRADA PRINCIPAL--NOMBRE DE PERSONA
Nombre de persona Suárez Pastor, Alfredo.
9 (RLIN) 132972
245 10 - MENCIÓN DEL TÍTULO
Título Discurso leído en el acto solemne de recibir la investidura de doctor en la Facultad de Derecho Civil y Canónico /
Mención de responsabilidad, etc. por el licenciado Don Alfredo Suárez y Pastor, el día 1º de julio de 1877.
260 ## - PUBLICACIÓN, DISTRIBUCIÓN, ETC.
Lugar de publicación, distribución, etc. Madrid :
Nombre del editor, distribuidor, etc. [s.n.],
Fecha de publicación, distribución, etc. 1877 (
Fabricante Imp. de T. Fortanet)
300 ## - DESCRIPCIÓN FÍSICA
Extensión 74 p. ;
Dimensiones 26 cm.
594 ## - Nota al título y mención de responsabilidad
Nota al título y mención de responsabilidad Tema del discurso: Organización de la familia hebrea
650 #4 - PUNTO DE ACCESO ADICIONAL DE MATERIA--TÉRMINO DE MATERIA
Término de materia o nombre geográfico como elemento de entrada Familias judías.
9 (RLIN) 174152
650 #7 - PUNTO DE ACCESO ADICIONAL DE MATERIA--TÉRMINO DE MATERIA
Término de materia o nombre geográfico como elemento de entrada Derecho judío
Fuente del encabezamiento o término embne
9 (RLIN) 174151
852 4# - LOCALIZACIÓN
Ubicación ES-MaACL
Número de control de estantería T-243-F-1
Nota libre - Enc. hol., conservando la enc. original
-- - Enc. en un vol. facticio
-- - Dedicatoria autógrafa del autor
Holdings
Estatus retirado Estado de pérdida Estado de daño No para préstamo Colección Biblioteca de origen Biblioteca actual Ubicación en estantería Fecha de adquisición Total de préstamos Signatura topográfica completa Código de barras Visto por última vez Precio de reemplazo Tipo de ítem Koha
        Colección de folletos Biblioteca del Ateneo de Madrid Biblioteca del Ateneo de Madrid Depósito folletos 17/01/2008   T-243-F-1 1173941 23/02/2023 23/02/2023 Folleto